Responses for Show #6496 - Monday, December 10, 2012

Contestants

[<< previous game]

Joel Alderson, a pathologist from Andover, Kansas

Mandy Tuthill, a public librarian from Milwaukee, Wisconsin

Josh Frumkin, a non-profit assistant director of donor relations from Germantown, Maryland (whose 1-day cash winnings total $17,200)

[next game >>]

Jeopardy! Round responses

CAPES OF ALL SHAPES
SHE CREATED HIM
SOMEBODY CALLED FOR A DOCTRINE
CHRISTMAS PARTIES
WHAT'S FOR LUNCH?
"B-L-T"
    $200 24
invisibility

Josh
    $200 7
(Mary) Shelley

Joel
    $200 21
Truman

Josh
    $200 16
Frosty the Snowman

Mandy
    $200 3
Chef Boyardee

Mandy
    $200 1
a bullfight

Mandy
    $400 25
Cape Cod

Mandy
    $400 9
Anne Rice

Mandy
    $400 22
Eisenhower

Josh
    $400 17
the Grinch

Mandy
    $400 8
nachos

Josh
    $400 2
brilliant

Joel
    $600 26
The Incredibles

Joel
    $600 11
(Mandy: Who is... her name just left my mind completely.)

Harper Lee

JoshMandy
    $600 23
Joseph Smith

Mandy
    $600 18
Arthur Christmas

Mandy
    $600 10
Twinkies

Josh
    $600 4
bolster

Mandy
    $800 27
Cape Canaveral

Joel
    $1,000 12
(Josh: Who is Amy Tan?)

Pearl Buck

Josh
    $800 28
West Germany

Triple Stumper
    $800 19
"The Little Drummer Boy"

Josh
    $800 13
shepherd's pie

Josh
    $800 5
a bull terrier

Joel
    $1000 29
a sarape

Josh
    $1000 15
Beverly Cleary

Mandy
    $1000 30
(Mandy: Who is Khrushchev?)

Brezhnev

MandyJoel
    $1000 20
Clarence

Josh
    $1000 14
salami

Josh
    $1000 6
a bronchodilator

Joel

Scores at the first commercial break (after clue 15):

Josh Mandy Joel
$2,400 $1,800 $2,400

Scores at the end of the Jeopardy! Round:

Josh Mandy Joel
$6,000 $3,000 $4,800

Double Jeopardy! Round responses

LEFT TO YOUR OWN DEVICES
A LITTLE ALLITERATION
AWARDS & HONORS
RECENTLY DIRECTED
LANDMARKS
MEAN JOE
    $400 16
(Mandy: What's a fire extinguisher?)

a smoke detector

JoshMandy
    $400 1
a cheater cherubim or cherubim cheater

Joel
    $400 18
Gandhi

Josh
    $400 5
(Clint) Eastwood

Mandy
    $400 2
Fort Knox

Mandy
    $400 23
McCarthy

Josh
    $800 17
(Josh: What is the oxygen mask?)

a seat belt

JoshJoel
    $800 3
a duke's dance

Triple Stumper
    $800 20
a Webby

Josh
    $800 6
Joel & Ethan Coen

Joel
    $3,400 12
Gorky Park

Josh
    $800 24
(Joel: What is Banana?)

Joe Bananas

Joel
Triple Stumper
    $1200 19
pitch speed

Joel
    $1200 4
a lion's labyrinth

Joel
    $3,500 28
(Mandy: What is the Queen Victoria Medal?)

the Victoria Cross

Mandy
    $1200 7
Woody Allen

Joel
    $1200 13
Stone Mountain

Josh
    $1200 25
Goebbels

Josh
    $1600 21
(Mandy: What is a vacuum?)

a siphon

Mandy
Triple Stumper
    $1600 10
a bald barber

Josh
    $1600 30
the Clio

Josh
    $1600 8
Wes Craven

Joel
    $1600 14
Angel Falls

Josh
    $1600 26
Injun Joe

Josh
    $2000 22
a beeper (or pager)

Joel
    $2000 11
an insomnia indicator

Triple Stumper
    $2000 29
a Goya

Josh
    $2000 9
Michael Bay

Josh
    $2000 15
San Simeon

Triple Stumper
    $2000 27
(Joseph) Kony

Mandy

Scores at the end of the Double Jeopardy! Round:

Josh Mandy Joel
$23,400 $300 $13,200

[wagering suggestions for these scores]

Final Jeopardy! Round responses

1920s LITERATURE
MandyWhat is The House of the Seven Gables?
$299
JoelWhat is ?
$12,000
JoshWhat is the Bridge of San Luis Rey?
$3,001
the Bridge of San Luis Rey

Final scores:

Josh Mandy Joel
$26,401 $1 $1,200
2-day champion: $43,601 3rd place: $1,000 2nd place: $2,000

Game dynamics:

Coryat scores:

Josh Mandy Joel
$21,800 $3,800 $13,200
24 R
(including 1 DD),
2 W
(including 1 DD)
13 R,
5 W
(including 1 DD)
15 R,
1 W

Combined Coryat: $38,800

[game clues] [game scores] [suggest correction]

Game tape date: 2012-09-04
The J! Archive is created by fans, for fans. Scraping, republication, monetization, and malicious use prohibited; this site may use cookies and collect identifying information. See terms. The Jeopardy! game show and all elements thereof, including but not limited to copyright and trademark thereto, are the property of Jeopardy Productions, Inc. and are protected under law. This website is not affiliated with, sponsored by, or operated by Jeopardy Productions, Inc. Join the discussion at JBoard.tv.